[Event "Montreal op"]
[Site "Montreal"]
[Date "2024.09.15"]
[Round "5"]
[White "Chen, Rae"]
[Black "Ivanov Yuan, Maksim"]
[Result "0-1"]
[WhiteElo "1829"]
[BlackElo "1961"]
[PlyCount "110"]
[EventDate "2024.09.13"]
[EventType "swiss"]
[EventRounds "5"]
[EventCountry "CAN"]
[SourceTitle "EXT 2025"]
[Source "ChessBase"]
[SourceDate "2024.10.14"]
[SourceVersion "1"]
[SourceVersionDate "2024.10.14"]
[SourceQuality "1"]

1. Nf3 f5 2. g3 Nf6 3. Bg2 d6 4. d4 g6 5. 0-0 Bg7 6. c4 0-0 7. Nc3 c6 8. Re1 Nbd7 9. e4 fxe4 10. Nxe4 Nxe4 11. Rxe4 e5 12. Bg5 Bf6 13. Bh6 Re8 14. Qe2 d5 15. cxd5 cxd5 16. Re3 e4 17. Rd1 Qa5 18. a3 b6 19. b4 Qa4 20. Ng5 Nf8 21. Rc1 Ba6 22. Qa2 Bxg5 23. Qxd5+ Ne6 24. Bxg5 Rac8 25. Rce1 Qb5 26. Bxe4 Kg7 27. Bh4 g5 28. Bg2 gxh4 29. Rxe6 Qxd5 30. Bxd5 Rxe6 31. Rxe6 h3 32. Re1 Rd8 33. Be6 Bc8 34. Bxc8 Rxc8 35. Kf1 Kf6 36. Ke2 Rc2+ 37. Kf3 Rd2 38. Ke4 Rxf2 39. Rh1 Ke6 40. g4 Rg2 41. Kf3 Kd5 42. Re1 Rxh2 43. Kg3 Ra2 44. Kxh3 Rxa3+ 45. Kh4 Kxd4 46. Re7 Ra1 47. Kg5 Kc4 48. Rxh7 Kxb4 49. Rb7 b5 50. Kg6 a5 51. g5 a4 52. Kf7 Rf1+ 53. Ke7 Rg1 54. Kf6 a3 55. Ra7 Kb3 0-1